Statistics for Teams last World series win

Click here to take the quiz!

General Stats

  • This quiz has been taken 8 times
  • The average score is 9 of 10

Answer Stats

QuestionAnswer% Correct
what year did the Diamondbacks win the world series2001
100%
What year did the Angels win the world series2002
100%
What year did the Florida marlins win the world series2003
100%
what year did the White Sox win the world series2005
100%
What year did the cardinals win the world series2011
100%
What year did the Giants win the world series2014
100%
What year did the royals last win the world series2015
100%
What year did the Cubs win the world series2016
100%
What year did the Red Sox win the World series2018
100%
What Year did the Braves win the world series2021
100%
What year did the astros win the world series2022
80%
What year did the Phillies win the world series2008
75%
What year did the Yankees last win the world series2009
75%
What year did the nationals win the world series2019
75%
what years did the blue jays win the world series1993 and 1992
67%

Score Distribution

Percentile by Number Answered

Percent of People with Each Score

Your Score History

You have not taken this quiz